000 00676nam a2200241Ia 4500
003 OSt
005 20220918222842.0
006 a|||||r|||| 00| 0
007 ta
008 220917b |||||||| |||| 00| 0 eng d
024 _a218,627
037 _cTextual
040 _aARTS
_cARTS
_beng
041 _2eng
_aeng
082 _aO111:g[V:17], N8
100 _aParry Benita
_915795
245 0 _aDelusions and discoveries
_b India in the British imagination; 1880-1930
260 _aLondon
_bVerso
_c1998
300 _axiv, 268p
_ccm.
650 _aENGLISH LITERATURE
942 _hO111:g[V:17], N8
_cTEXL
_2CC
999 _c276654
_d276654